Применение перспективных виброприводов с управляемыми параметрами вибрационных полей в стендах для наземных испытаний узлов летательных аппаратов; "Орбита молодёжи" и перспективы развития российской космонавтики

Bibliografski detalji
Parent link:"Орбита молодёжи" и перспективы развития российской космонавтики.— 2017.— [С. 111-112]
Glavni autor: Кононистов А. В.
Daljnji autori: Лутков В. Н. (научный руководитель), Сергеев С. В.
Sažetak:Заглавие с экрана
Jezik:ruski
Izdano: 2017
Serija:Целевая аппаратура космических аппаратов, системные и проектно-конструкторские решения космических аппаратов различного назначения
Teme:
Online pristup:http://earchive.tpu.ru/handle/11683/44790
Format: Elektronički Poglavlje knjige
KOHA link:https://koha.lib.tpu.ru/cgi-bin/koha/opac-detail.pl?biblionumber=625010

MARC

LEADER 00000naa2a2200000 4500
001 625010
005 20231101133336.0
035 |a (RuTPU)RU\TPU\conf\24270 
090 |a 625010 
100 |a 20171205d2017 k y0rusy50 ca 
101 0 |a rus 
102 |a RU 
105 |a y z 101zy 
135 |a drgn ---uucaa 
181 0 |a i  
182 0 |a b 
200 1 |a Применение перспективных виброприводов с управляемыми параметрами вибрационных полей в стендах для наземных испытаний узлов летательных аппаратов  |f А. В. Кононистов, В. Н. Лутков  |g науч. рук. С. В. Сергеев 
203 |a Текст  |c электронный 
225 1 |a Целевая аппаратура космических аппаратов, системные и проектно-конструкторские решения космических аппаратов различного назначения 
230 |a 1 компьютерный файл (pdf; 228 Кб) 
300 |a Заглавие с экрана 
320 |a [Библиогр.: с. 112 (2 назв.)] 
463 0 |0 (RuTPU)RU\TPU\conf\23829  |t "Орбита молодёжи" и перспективы развития российской космонавтики  |o сборник докладов Всероссийской молодёжной научно-практической конференции, г. Томск, 18-22 сентября 2017 г.  |f Российская Федерация, Федеральное космическое агентство (Роскосмос) ; Национальный исследовательский Томский политехнический университет (ТПУ) ; Российская академия наук (РАН), Сибирское отделение (СО), Институт физики прочности и материаловедения (ИФПМ) ; Полюс  |v [С. 111-112]  |d 2017 
610 1 |a электронный ресурс 
610 1 |a виброприводы 
610 1 |a вибрационные поля 
610 1 |a наземные наблюдения 
610 1 |a летательные аппараты 
610 1 |a интенсивное нагружение 
610 1 |a динамические нагрузки 
610 1 |a вибрационные воздействия 
700 1 |a Кононистов  |b А. В. 
701 1 |a Лутков  |b В. Н. 
702 1 |a Сергеев  |b С. В.  |4 727 
801 2 |a RU  |b 63413507  |c 20171208  |g RCR 
856 4 |u http://earchive.tpu.ru/handle/11683/44790 
942 |c BK